Statistiques concernant Le niveau d'anglais dans les pays de l'UE

Cliquez ici pour prendre le quiz!

Statistiques générales

  • Ce quiz a été pris 44 fois
  • Le résultat moyen est 11 sur 23

Statistiques - réponses

HintRéponse% Correct
Suède03 TRES BONNE MAITRISE
88%
Pays-Bas03 TRES BONNE MAITRISE
83%
Danemark03 TRES BONNE MAITRISE
80%
Finlande03 TRES BONNE MAITRISE
66%
Grèce01 MOYENNE MAITRISE
61%
Italie01 MOYENNE MAITRISE
56%
Luxembourg03 TRES BONNE MAITRISE
56%
Bulgarie01 MOYENNE MAITRISE
54%
Autriche02 BONNE MAITRISE
54%
Slovaquie02 BONNE MAITRISE
51%
Pologne02 BONNE MAITRISE
49%
Tchéquie02 BONNE MAITRISE
49%
France01 MOYENNE MAITRISE
46%
Portugal02 BONNE MAITRISE
46%
Belgique02 BONNE MAITRISE
44%
Hongrie02 BONNE MAITRISE
39%
Lituanie01 MOYENNE MAITRISE
37%
Espagne01 MOYENNE MAITRISE
34%
Allemagne02 BONNE MAITRISE
32%
Roumanie02 BONNE MAITRISE
24%
Lettonie01 MOYENNE MAITRISE
17%
Estonie03 TRES BONNE MAITRISE
17%
Slovénie03 TRES BONNE MAITRISE
10%

Distribution des résultats

Percentile par nombre de réponses

% des personnes avec chaque résultat

Votre développement - résultats

Vous n’avez pas pris ce quiz